=LDR 00000nam 2200000 4500 =001 NUTBA000000000000309 =005 20140320132502.0 =006 =007 =008 =020 ##$$a 979-006-220-6 =035 ##$$a 0010-031400000000308 =040 ##$$a Ind =082 ##$$a 634.959 8 =090 ##$$a 634.959 8$bBuk b =245 ##$$a Buku pintar budi daya tanaman unggul indonesia$cPenyunting M, Topan nixon =250 ##$$a Cet.1 =260 ##$$a Jakarta$bAgromedia pustaka$c2009. =300 ##$$a Iv,292 Hlm$bIlus$c25 cm. =700 ##$$a Nixon, M Topan =850 ##$$a NBPNMAT =990 ##$$a 21105928 =990 ##$$a 90817/BPAP-NTB/2014